• 首页
  • 本馆介绍
  • 公告通知
  • 最新文献
  • 馆藏检索
  • 电子资源
  • 读者导购
  • 参考咨询
  • 我的图书馆
  • 登录
  • 详细信息显示
  • 放入我的书架
  • 预约/预借图书
  • 作者相关作品
  • 分类相关作品
  • 丛书相关作品
  • 出版社相关作品

书目信息

  • 表格格式
  • 工作单格式
  • 卡片格式
题名:
新供给
    
 
作者: 贾康 著
分册:  
出版信息: 北京   企业管理出版社  2017
页数: 642页
开本: 24cm
丛书名: 中国新供给经济学研究书系
单 册:
中图分类: F121-53 , F121
科图分类:
主题词: 中国经济--zhong guo jing ji--经济体制改革--文集
电子资源:
ISBN: 978-7-5164-1489-7
000 01554nam 2200289 450
001 2344136994
005 20231213090346.43
010    @a978-7-5164-1489-7@dCNY128.00
100    @a20170427d2017 em y0chiy50 ea
101 0  @achi
102    @aCN@b110000
105    @aak a 000yy
200 1  @a新供给@Axin gong ji@e创新发展, 攻坚突破@f贾康著
210    @a北京@c企业管理出版社@d2017
215    @a642页@c图@d24cm
225 2  @a中国新供给经济学研究书系@Azhong guo xin gong ji jing ji xue yan jiu shu xi
314    @a贾康, 现任全国政协委员、政协经济委员会委员, 华夏新供给经济学研究院首席经济学家, 中国财政科学研究院研究员、博导, 中国财政学会顾问, 中国财政学会PPP专业委员会主任委员, 国家发改委PPP专家库专家委员会成员, 北京市等多家人民政府咨询委员, 北京大学等多家高校特聘教授。
320    @a有书目
330    @a本书是当今中国经济改革的建议书。中国经济改革具有从上至下与从下至上相结合的鲜明特色。一批高层中南海智囊所提的政策建议与改革思路往往代表了现实生活中人们对改革的呼吁, 也反映了高层对经济发展前瞻性思索, 当然也代表了中国经济学界对改革发展重大问题的鲜明态度。新供给经济学是反映中国经济改革向何处去的经济学思维模式, 本书是贾康先生为代表的的中国新供给50人论坛以及相关专家关于中国新供给经济学的理论成果、政策设计与改革建议。
410  0 @12001 @a中国新供给经济学研究书系
517 1  @a创新发展, 攻坚突破@Achuang xin fa zhan, gong jian tu po
606 0  @a中国经济@Azhong guo jing ji@x经济体制改革@j文集
690    @aF121-53@v5
690    @aF121@v4
701  0 @a贾康@Ajia kang@4著
801  0 @aCN@b湖北三新@c20170427
905    @aZUCC@dF121@e164
    
    新供给:创新发展, 攻坚突破/贾康著.-北京:企业管理出版社,2017
    642页:图;24cm.-(中国新供给经济学研究书系)
    
    
    ISBN 978-7-5164-1489-7:CNY128.00
    本书是当今中国经济改革的建议书。中国经济改革具有从上至下与从下至上相结合的鲜明特色。一批高层中南海智囊所提的政策建议与改革思路往往代表了现实生活中人们对改革的呼吁, 也反映了高层对经济发展前瞻性思索, 当然也代表了中国经济学界对改革发展重大问题的鲜明态度。新供给经济学是反映中国经济改革向何处去的经济学思维模式, 本书是贾康先生为代表的的中国新供给50人论坛以及相关专家关于中国新供给经济学的理论成果、政策设计与改革建议。
●
相关链接 在五车中查询图书 在当当中查询图书 在豆瓣中查询图书


正题名:新供给     索取号:F121/164         预约/预借

序号 登录号 条形码 馆藏地/架位号 状态 备注
1 2001356043   2001356043   617书库/ [索取号:F121/164] 在馆    
2 2001356044   2001356044   617书库/ [索取号:F121/164] 在馆    
3 2001356045   2001356045   617书库/ [索取号:F121/164] 在馆    
4 2001356046   2001356046   617书库/ [索取号:F121/164] 在馆    
5 2001356047   2001356047   617书库/ [索取号:F121/164] 在馆    
6 2001356048   2001356048   617书库/ [索取号:F121/164] 在馆    
7 2001356049   2001356049   617书库/ [索取号:F121/164] 在馆    
8 2001356050   2001356050   617书库/ [索取号:F121/164] 在馆    
9 2001356051   2001356051   617书库/ [索取号:F121/164] 在馆    
10 2001356052   2001356052   617书库/ [索取号:F121/164] 在馆    
11 2001356053   2001356053   617书库/ [索取号:F121/164] 在馆    
12 2001356054   2001356054   617书库/ [索取号:F121/164] 在馆    
13 2001356055   2001356055   617书库/ [索取号:F121/164] 在馆    
14 2001356056   2001356056   617书库/ [索取号:F121/164] 在馆    
15 2001356057   2001356057   617书库/ [索取号:F121/164] 在馆    
16 2001456865   2001456865   411书库/ [索取号:F121/164] 在馆    
17 2001456866   2001456866   411书库/ [索取号:F121/164] 在馆    
18 2001456867   2001456867   411书库/ [索取号:F121/164] 在馆    
19 2001456868   2001456868   411书库/ [索取号:F121/164] 在馆    
20 2001456869   2001456869   411书库/ [索取号:F121/164] 在馆    
21 2001456870   2001456870   411书库/ [索取号:F121/164] 在馆    
22 2001456871   2001456871   411书库/ [索取号:F121/164] 在馆    
23 2001456872   2001456872   411书库/ [索取号:F121/164] 在馆    
24 2001456873   2001456873   411书库/ [索取号:F121/164] 在馆    
25 2001456874   2001456874   411书库/ [索取号:F121/164] 在馆    
26 2001456875   2001456875   411书库/ [索取号:F121/164] 在馆    
27 2001456876   2001456876   411书库/ [索取号:F121/164] 在馆    
28 2001456877   2001456877   411书库/ [索取号:F121/164] 在馆    
29 2001456878   2001456878   411书库/ [索取号:F121/164] 在馆    
30 2001456879   2001456879   411书库/ [索取号:F121/164] 在馆    
山东省滨州职业学院图书馆 欢迎您!
大连网信软件有限公司© 版权所有